Analizar el nivel de satisfacción del servicio en el municipio de Ciudad Sandino de la empresa de Telecomunicaciones COOTEL en un periodo de 6 meses de enero a junio del 2019 y si este está por debajo del 70% realizar una propuesta de mejora
El presente trabajo de investigación tiene como objetivo analizar el nivel de satisfacción del servicio en el municipio de Ciudad Sandino de la empresa de telecomunicaciones Cootel en un periodo de 6 meses de enero a junio del 2019 y si está por debajo del 70% realizar una propuesta.
| Main Author: | |
|---|---|
| Other Authors: | |
| Format: | Tesis Section = Libro |
| Language: | Undetermined Spanish |
| Published: |
Managua
UNI
2019
|
| Subjects: |
| LEADER | 01270nam a2200265Ia 4500 | ||
|---|---|---|---|
| 008 | 240830s9999 xx 000 0 und d | ||
| 040 | |a BIBLIOTECA-RUSB/ M.Mon 658.812 A678 | ||
| 041 | |a spa | ||
| 082 | |a M.Mon 658.812 A678 | ||
| 100 | 1 | |a Areas Jarquín, Fernando Asunción | |
| 245 | 1 | 0 | |a Analizar el nivel de satisfacción del servicio en el municipio de Ciudad Sandino de la empresa de Telecomunicaciones COOTEL en un periodo de 6 meses de enero a junio del 2019 y si este está por debajo del 70% realizar una propuesta de mejora |
| 260 | |a Managua |b UNI |c 2019 | ||
| 300 | |a 66 p. :il. | ||
| 500 | |a Contiene: anexos | ||
| 502 | |a Tesis (Máster en Gestión Empresarial) - UNI, 2019. | ||
| 520 | 3 | |a El presente trabajo de investigación tiene como objetivo analizar el nivel de satisfacción del servicio en el municipio de Ciudad Sandino de la empresa de telecomunicaciones Cootel en un periodo de 6 meses de enero a junio del 2019 y si está por debajo del 70% realizar una propuesta. | |
| 650 | 7 | |a SERVICIO AL CLIENTE | |
| 650 | 7 | |b SATISFACCION DE LOS CLIENTES | |
| 650 | 7 | |c TELEFONÍA MÓVIL | |
| 650 | 7 | |d VENTAS | |
| 650 | 7 | |e TELECOMUNICACIONES | |
| 700 | 1 | |a Tutor: |b Sequeira, José Manuel | |
| 942 | |c BK |2 ddc | ||
| 991 | |a TESIS | ||
| 999 | |c 19502 | ||